Normal view MARC view
  • Akhtar, Malik Hassan

Entry Personal Name

Number of records used in: 10

001 - CONTROL NUMBER

  • control field: 89

003 - CONTROL NUMBER IDENTIFIER

  • control field: Nust

005 - DATE AND TIME OF LATEST TRANSACTION

  • control field: 20170505154254.0

008 - FIXED-LENGTH DATA ELEMENTS

  • fixed length control field: 170505|| aca||aabn | a|a d

040 ## - CATALOGING SOURCE

  • Original cataloging agency: Nust
  • Transcribing agency: Nust

100 ## - HEADING--PERSONAL NAME

  • Personal name: Akhtar, Malik Hassan

670 ## - SOURCE DATA FOUND

  • Source citation: Work cat.: (Nust): Akhtar, Malik Hassan, اقبال ایک تحقیقی مطالعہ, 1996
© 2023 Central Library, National University of Sciences and Technology. All Rights Reserved.